<?xml version="1.0" encoding="UTF-8"?>
<collection xmlns="http://www.loc.gov/MARC21/slim">
 <record>
  <leader>01298nam a22002535a 4500</leader>
  <controlfield tag="001">CEM.cems021318</controlfield>
  <controlfield tag="008">240731s2005####ag############000#0#und#d</controlfield>
  <controlfield tag="005">20240731151830.0</controlfield>
  <datafield tag="245" ind1="1" ind2="0">
   <subfield code="a">Lluvia de buñuelos. El príncipe lagarto :</subfield>
   <subfield code="b">cuentos correntinos /</subfield>
   <subfield code="c">Selección y adaptación de Miguel Ángel Palermo ; ilustrado por Aldo Chiappe y Guillermo Arce.</subfield>
  </datafield>
  <datafield tag="250" ind1=" " ind2=" ">
   <subfield code="a">1a ed.</subfield>
  </datafield>
  <datafield tag="260" ind1=" " ind2=" ">
   <subfield code="a">Buenos Aires :</subfield>
   <subfield code="b">Arte Gráfico,</subfield>
   <subfield code="c">2005.</subfield>
  </datafield>
  <datafield tag="300" ind1=" " ind2=" ">
   <subfield code="a">50 p.</subfield>
  </datafield>
  <datafield tag="490" ind1="1" ind2=" ">
   <subfield code="a">Cuentos y leyendas de mi país - Genios ;</subfield>
   <subfield code="v">14</subfield>
  </datafield>
  <datafield tag="520" ind1=" " ind2=" ">
   <subfield code="a">Una lluvia de este tipo no es cosa que se vea todos los días. Pero parece que hubo una viejita en Corrientes que supo cómo producirla. Al menos, esto es lo que dice el primer relato de este libro. En el segundo, &quot;El príncipe lagarto&quot;, acontecimientos mágicos y sorprendentes se producen en el castillo del gran monarca de un reino remoto. No falta el suspenso, ni la picardía, ni la gran imaginación de los correntinos.</subfield>
  </datafield>
  <datafield tag="020" ind1=" " ind2=" ">
   <subfield code="a">9507825398</subfield>
  </datafield>
  <datafield tag="100" ind1="1" ind2=" ">
   <subfield code="a">Palermo, Miguel Ángel.</subfield>
  </datafield>
  <datafield tag="700" ind1="1" ind2=" ">
   <subfield code="a">Chiappe, Aldo; il.</subfield>
  </datafield>
  <datafield tag="700" ind1="1" ind2=" ">
   <subfield code="a">Arce, Guillermo; il.</subfield>
  </datafield>
  <datafield tag="653" ind1=" " ind2=" ">
   <subfield code="a">Leyendas</subfield>
  </datafield>
  <datafield tag="653" ind1=" " ind2=" ">
   <subfield code="a">Mitos</subfield>
  </datafield>
  <datafield tag="653" ind1=" " ind2=" ">
   <subfield code="a">Mitos argentinos</subfield>
  </datafield>
  <datafield tag="653" ind1=" " ind2=" ">
   <subfield code="a">Leyendas argentinas</subfield>
  </datafield>
  <datafield tag="653" ind1=" " ind2=" ">
   <subfield code="a">Literatura folclórica</subfield>
  </datafield>
  <datafield tag="859" ind1=" " ind2=" ">
   <subfield code="a">CEMS</subfield>
   <subfield code="b">BIB. CEMS - Inicial y Primaria</subfield>
   <subfield code="h">398.2</subfield>
   <subfield code="i">P174-21</subfield>
   <subfield code="k">IP</subfield>
   <subfield code="p">6883</subfield>
   <subfield code="t">Ej.1</subfield>
  </datafield>
 </record>
</collection>
